Problems and solutions on optics (Record no. 396427)

MARC details
000 -LEADER
fixed length control field 00582 a2200229 4500
005 - DATE & TIME
control field 20260327095438.0
008 - FIXED-LENGTH DATA ELEMENTS--GENERAL INFORMATION
fixed length control field 260225b |||||||| |||| 00| 0 eng d
020 ## - ISBN
International Standard Book Number 9780000989031
Price Rs. 1095.00
040 ## - CATALOGING SOURCE
Original cataloging agency VIVEKANANDA LIBRARY
082 ## - DDC NUMBER
Classification number 535.076
Book Number L629P
100 ## - MAIN ENTRY--PERSONAL NAME
Personal name Lim, Swee Cheng
245 ## - TITLE STATEMENT
Title Problems and solutions on optics
250 ## - EDITION STATEMENT
Edition statement 2nd
260 ## - PUBLICATION, DISTRIBUTION, ETC. (IMPRINT)
Name of publisher, distributor, etc World Scientific
Date of publication, distribution, etc 2023
Place of publication, distribution, etc Singpore
300 ## - PHYSICAL DESCRIPTION
Pages xi, 225
650 ## - Subject
Subject Light
650 ## - Subject
Subject Physical Optics
650 ## - Subject
Subject Geometrical Optics
700 ## - Added Entry Personal Name
Added Entry Personal Name Lai, Choy Heng
700 ## - Added Entry Personal Name
Added Entry Personal Name Kwek, Leong Chuan
942 ## - ADDED ENTRY ELEMENTS (KOHA)
Koha item type Books
Holdings
Withdrawn status Lost status Source of classification or shelving scheme Damaged status Not for loan Location (home branch) Sublocation or collection (holding branch) Shelving location Date acquired Koha issues (times borrowed) Koha full call number Accession No. Koha date last seen Koha item type
    Dewey Decimal Classification     VIVEKANANDA LIBRARY VIVEKANANDA LIBRARY Vivekananda Library 28/01/2026   535.076 L629P 444686 28/01/2026 Books
    Dewey Decimal Classification     VIVEKANANDA LIBRARY VIVEKANANDA LIBRARY Vivekananda Library 28/01/2026   535.076 L629P 444687 28/01/2026 Books
© Designed and Maintained by Vivekananda Library, MDU Rohtak